A pneumatosis cystoides intestini röntgenképe

Elmentve itt :
Bibliográfiai részletek
Szerző: Forfota Erich
Dokumentumtípus: Könyv része
Megjelent: 1937
Sorozat:Közlemények a szegedi kir. magy. Ferencz József-Tudományegyetem belgyógyászati klinikájáról
Közlemények a szegedi kir. magy. Ferencz József-Tudományegyetem belgyógyászati klinikájáról 1936-1937
Kulcsszavak:Röntgendiagnosztika, Gyomor- bélbetegségek, Belgyógyászat
Tárgyszavak:
Online Access:http://acta.bibl.u-szeged.hu/54161
LEADER 00901naa a2200205 i 4500
001 acta54161
005 20220107081931.0
008 180626s1937 hu o 0|| hun d
040 |a SZTE Egyetemi Kiadványok Repozitórium  |b hun 
041 |a hun 
100 1 |a Forfota Erich 
245 1 2 |a A pneumatosis cystoides intestini röntgenképe  |h [elektronikus dokumentum] /  |c  Forfota Erich 
260 |c 1937 
300 |a 1-12 
490 0 |a Közlemények a szegedi kir. magy. Ferencz József-Tudományegyetem belgyógyászati klinikájáról 
490 0 |a Közlemények a szegedi kir. magy. Ferencz József-Tudományegyetem belgyógyászati klinikájáról 1936-1937 
650 4 |a Orvos- és egészségtudomány 
650 4 |a Klinikai orvostan 
695 |a Röntgendiagnosztika, Gyomor- bélbetegségek, Belgyógyászat 
856 4 0 |u http://acta.bibl.u-szeged.hu/54161/1/kozl_belgy_36_37_001-012a.pdf  |z Dokumentum-elérés